A tutto reality l'isola - ordine di eliminazione - Statistics

Statistiche generali
  • Questo quiz è stato fatto 925 volte
  • Il punteggio medio è 16 su 27
Statistiche sulle risposte
Hint Risposta % Corretto
23° Eva
82%
Vincitore Owen
80%
Cuoco Chef
77%
Conduttore Chris
76%
Gwen
76%
24° Ezekiel
75%
22° Noah
75%
Duncan
70%
Heather
66%
21° Justin
66%
12°(seconda eliminazione) Eva
65%
7°(seconda eliminazione) Izzy
62%
20° Katie
62%
19° Tyler
58%
14° Courtney
53%
13° Harold
52%
DJ
51%
Leshawna
51%
17° Cody
50%
16° Beth
49%
Geoff
49%
Lindsay
49%
15° Sadie
49%
18° Izzy
48%
11° Trent
48%
10° Bridgette
47%
4°(presente solo in questa puntata) Mr. Cocco
39%
Nessun quiz corrispondente trovato
Distribuzione punteggi
Percentuale di utenti per punteggio
Percentile per numero di risposta
I tuoi punteggi nel tempo
Non hai fatto questo quiz